| 000 | 00518nam a2200181Ia 4500 | ||
|---|---|---|---|
| 003 | IN-BaIIA | ||
| 008 | 211028s9999 xx 000 0 eng d | ||
| 040 | _cIIA Library | ||
| 080 |
_a517.27 _bPAR |
||
| 100 |
_aPars, L. A. _94267 |
||
| 245 | 3 |
_aAn introduction to the calculus of variations _cL. A. Pars |
|
| 260 |
_aHeinemann _c1962 |
||
| 300 | _axi, 350p. | ||
| 650 |
_aCalculus _91611 |
||
| 650 | _aDifferential Calculus | ||
| 650 | _aNASA Thesaurus | ||
| 942 | _cBK | ||
| 999 |
_c2382 _d2382 |
||